LEADER 00763nam0-22002771i-450- 001 990005696760403321 005 19990530 010 $a0856671193 035 $a000569676 035 $aFED01000569676 035 $a(Aleph)000569676FED01 035 $a000569676 100 $a19990530d1982----km-y0itay50------ba 101 0 $aeng 105 $aa-------00--- 200 1 $aJacob Joardaens$fR. A. d'Hulst$gtranslated from the Dutch by P. S. Falla 210 $aLondon$cSotheby Publications$d1982 215 $a375 p.$cill.$d30 cm 700 1$aJordaens,$bJacob$0218749 801 0$aIT$bUNINA$gRICA$2UNIMARC 901 $aBK 912 $a990005696760403321 952 $aC$bBIBL. 60837$fFLFBC 959 $aFLFBC 996 $aJacob Joardaens$9603071 997 $aUNINA LEADER 01153nam--2200409---450- 001 990003135440203316 005 20080804140137.0 010 $a978-0-470-17022-9 035 $a000313544 035 $aUSA01000313544 035 $a(ALEPH)000313544USA01 035 $a000313544 100 $a20080804d2008----km-y0itay50------ba 101 $aeng 102 $aUS 105 $a||||||||001yy 200 1 $aWiley IFRS$epractical implementation guide and workbook$fAbbas Ali Mirza, Magnus Orrell, Graham J. Holt 205 $a2nd ed. 210 $aHoboken, NJ$cJohn Wiley & Sons$dcopyr. 2008 215 $a474 p.$d28 cm 300 $aIndice: p. 461-474 410 0$12001 454 1$12001 461 1$1001-------$12001 606 0 $aContabilità$xStandardizzazione 676 $a657.0218 700 1$aMIRZA,$bAbbas Ali$0600596 701 1$aORRELL,$bMagnus$0600598 701 1$aHOLT,$bGraham J.$0600597 801 0$aIT$bsalbc$gISBD 912 $a990003135440203316 951 $aP07 923$bDISTRA 959 $aBK 969 $aDISTRA 979 $aDISTRA2$b90$c20080804$lUSA01$h1401 996 $aWiley IFRS$91016703 997 $aUNISA LEADER 00941nam a2200289 i 4500 001 991000822339707536 005 20020506124803.0 008 970307s1984 uk ||| | eng 035 $ab10134438-39ule_inst 035 $aLE00637421$9ExL 040 $aDip.to Fisica$bita 084 $a52.9.58 084 $a523.01 084 $aQB461 100 1 $aKitchin, C.R.$0461164 245 10$aAstrophysical techniques /$cC.R. Kitchin 260 $aBristol :$bAdam Hilger Ltd,$c1984 300 $axiv, 438 p. :$bill. ;$c24 cm. 650 4$aAstronomical instruments 650 4$aAstronomy 650 4$aAstrophysics 907 $a.b10134438$b21-09-06$c27-06-02 912 $a991000822339707536 945 $aLE006 52.9.57+52.9.58 KIT$g1$i2006000029407$lle006$o-$pE0.00$q-$rl$s- $t0$u1$v2$w1$x0$y.i10158285$z27-06-02 996 $aAstrophysical techniques$9185422 997 $aUNISALENTO 998 $ale006$b01-01-97$cm$da $e-$feng$guk $h0$i1